MARC details
| 000 -CABECERA |
| campo de control de longitud fija |
01816nam a2200325 a 4500 |
| 001 - NÚMERO DE CONTROL |
| campo de control |
BRCA_2597 |
| 005 - FECHA Y HORA DE LA ÚLTIMA TRANSACCIÓN |
| campo de control |
20190320203901.0 |
| 008 - DATOS DE LONGITUD FIJA--INFORMACIÓN GENERAL |
| campo de control de longitud fija |
281108s1879----sp-a---###---#000-0dspa-u |
| 041 ## - CÓDIGO DE LENGUA |
| Código de lengua del texto/banda sonora o título independiente |
spa |
| 044 ## - CÓDIGO DEL PAÍS DE LA ENTIDAD EDITORA/PRODUCTORA |
| Código MARC del país |
sp |
| 050 #4 - SIGNATURA TOPOGRÁFICA DE LA BIBLIOTECA DEL CONGRESO |
| Número de clasificación |
179 |
| Número de documento/Ítem |
.G39 |
| -- |
1879 |
| 100 1# - ENTRADA PRINCIPAL--NOMBRE DE PERSONA |
| Nombre de persona |
Cervantes Saavedra, Miguel de |
| Fechas asociadas al nombre |
1547-1616 |
| 9 (RLIN) |
213 |
| 245 10 - MENCIÓN DE TÍTULO |
| Título |
El Ingenioso Hidalgo Don Quijote de la Mancha |
| Mención de responsabilidad, etc. |
compuesto por Miguel de Cervantes Saavedra. |
| 260 ## - PUBLICACIÓN, DISTRIBUCIÓN, ETC. |
| Lugar de publicación, distribución, etc. |
Madrid |
| Nombre del editor, distribuidor, etc. |
Libreria e imprenta de Gaspar |
| Fecha de publicación, distribución, etc. |
1879 |
| 300 ## - DESCRIPCIÓN FÍSICA |
| Extensión |
540 p. |
| Otras características físicas |
il. |
| Dimensiones |
28 cm. |
| 440 #0 - MENCIÓN DE SERIE/PUNTO DE ACCESO ADICIONAL--TÍTULO |
| Título |
Biblioteca ilustrada de Gaspar y Roig |
| 9 (RLIN) |
7304 |
| 500 ## - NOTA GENERAL |
| Nota general |
Contenido : Primera parte. Escudo de la edición príncipe. Dedicatoria del autor. Nota de los editores. Retrato de Cervantes. Prólogo del autor. Versos preliminares. Texto. Segunda parte. Dedicatoria del autor. Prólogo del autor. Vida de Cervantes. Buscapié. Prólo y notas por A. de Castro. Texto |
| 500 ## - NOTA GENERAL |
| Nota general |
Edición : Novisima edición con notas historia, crítica y gramatica de la Academia Española, Pellicer, Arrieta, Clemancín, Cuesta, Janer, etc. Aumentada con El Buscapié anotada por A. de Castro, adornado con 300 grabados intercalados, láminas sueltas y el retrato del autor grabado en acero |
| 500 ## - NOTA GENERAL |
| Nota general |
Ejemplar enteramente igual al LO-179. Semipiel; lomera decorada con filetes dorados Lúdovik Osterc |
| 500 ## - NOTA GENERAL |
| Nota general |
QM178 |
| 650 14 - PUNTO DE ACCESO ADICIONAL DE MATERIA--TÉRMINO DE MATERIA |
| Término de materia o nombre geográfico como elemento de entrada |
Novela española |
| Subdivisión cronológica |
Época clásica, 1500-1700 |
| 9 (RLIN) |
215 |
| 650 14 - PUNTO DE ACCESO ADICIONAL DE MATERIA--TÉRMINO DE MATERIA |
| Término de materia o nombre geográfico como elemento de entrada |
Literatura española |
| Subdivisión cronológica |
Época clásica, 1500-1700 |
| 9 (RLIN) |
216 |
| 650 14 - PUNTO DE ACCESO ADICIONAL DE MATERIA--TÉRMINO DE MATERIA |
| Término de materia o nombre geográfico como elemento de entrada |
Novela española |
| Subdivisión cronológica |
Siglo XVII |
| 9 (RLIN) |
217 |
| 650 14 - PUNTO DE ACCESO ADICIONAL DE MATERIA--TÉRMINO DE MATERIA |
| Término de materia o nombre geográfico como elemento de entrada |
Don Quijote (Personaje ficticio) |
| Término indicativo de función/relación |
Novela |
| 9 (RLIN) |
218 |
| 700 1# - PUNTO DE ACCESO ADICIONAL--NOMBRE DE PERSONA |
| Nombre de persona |
Buenaventura, Carlos Aribau |
| Fechas asociadas al nombre |
1798-1862 |
| Término indicativo de función/relación |
Biógrafo |
| 9 (RLIN) |
7414 |
| 700 1# - PUNTO DE ACCESO ADICIONAL--NOMBRE DE PERSONA |
| Nombre de persona |
Castro y Rossi, Adolfo de |
| Fechas asociadas al nombre |
1823-1898 |
| Término indicativo de función/relación |
Anotador |
| 9 (RLIN) |
7415 |
| 740 0# - PUNTO DE ACCESO ADICIONAL--TÍTULO RELACIONADO O ANALÍTICO NO CONTROLADO |
| Título relacionado o analítico no controlado |
El Ingenioso Hidalgo Don Quijote de la Mancha |
| 902 ## - CATALOGADOR |
| Iniciales |
QFM |
| 942 ## - ELEMENTOS DE PUNTO DE ACCESO ADICIONAL (KOHA) |
| Fuente del sistema de clasificación o colocación |
Library of Congress Classification |
| Tipo de ítem Koha |
Libros |